000 00654cam a2200205 4500500
005 20260329005951.0
041 _afre
042 _adc
100 1 0 _aOrtoli, Sven
_eauthor
700 1 0 _aLarmagnac-Matheron, Octave
_eauthor
245 0 0 _aPascal et la double pensée
260 _c2019.
500 _a93
690 _aBlaise Pascal
690 _aLégitime
690 _aMérite
690 _aPrivilèges
786 0 _nPhilosophie magazine - Hors séries | Hors-série - Été 2019 | HS42 | 2019-07-01 | p. 22-23 | 2104-9246
856 4 1 _uhttps://shs.cairn.info/magazine-philosophie-magazine-2019-hs42-page-22?lang=fr&redirect-ssocas=7080
999 _c1848305
_d1848305